000 00759cab a2200217 4500
001 WB3313-22
008 090401t1997 xxu||||| |||| 00| 0 eng d
035 _a(Sirsi) u77472
041 _aeng
245 _aSites for sore thighs
260 _c1997
350 _a0
490 _aDaily Telegraph
_v26 March 1997, 35(1)
520 _aThe NAEA is looking at super-site linking the Web sites of all members so that purchasers will be able to search for properties on the Internet anywhere in Britain under classifications like price and size.
650 _aHOUSE HUNTING
650 _aINTERNET
650 _aNATIONAL ASSOCIATION OF ESTATE AGENTS
690 _aMANAGEMENT-BUSINESS MANAGEMENT-INFORMATION MANAGEMENT
942 _n0
948 _c27/03/1997
999 _c48712
_d48712